Návod ke studiu preparátů v histologických cvičeních na lékařské fakultě Masarykovy university /

Hlavní autor: Florian, Jan, 1897-1942
Jazyk: Čeština
Vydáno: Brno : Lékařská fakulta Masarykovy univerzity, 1945
Fyzický popis: 35 s.
Knihy
Uloženo v:
LEADER 00690nam a22001932a 4500
001 000219180
003 CZ BrMZK
005 20021114123439.0
007 ta
008 010907s1945 xr f cze d
040 |a BOA001  |b cze  |c BOA001 
100 1 |a Florian, Jan,  |d 1897-1942  |7 jk01031453  |4 aut 
245 1 0 |a Návod ke studiu preparátů v histologických cvičeních na lékařské fakultě Masarykovy university /  |c Jan Florian 
260 |a Brno :  |b Lékařská fakulta Masarykovy univerzity,  |c 1945 
300 |a 35 s. 
500 |a Bez titulního listu 
910 |a BOA001  |b 4-0550.914 
990 |a BK 
996 7 |b 2619913931  |c 4-0550.914  |l MZK  |r Sklad / do 1 hodiny  |n 4  |w 000219180  |u 000010  |a 1  |e BOA001  |j MZK50  |s A